000 01033nam a2200289 i 4500
001 bg
100 1 _aNADOLNY, Karol
245 1 0 _aTribologia kół zębatych :
_bzagadnienia trwałości i niezawodności /
_cKarol Nadolny.
260 _aRadom :
_bWydaw. i Zakład Poligrafii Instytutu Technologii Eksploatacji,
_c1999.
300 _a229, [2] s. :
_brys., wykr. ;
_c24 cm.
490 1 _aBiblioteka Problemów Eksploatacji
500 _aStreszcz. ang.
504 _aBibliogr. przy rozdz.
650 9 _aKoła zębate
650 9 _aNiezawodność urządzeń
650 9 _aTrybologia
650 9 _aWytrzymałość materiałów
830 _aBiblioteka Problemów Eksploatacji
020 _a837204077X
040 _cBPK
041 0 _apol
_beng
080 _a621.833-192:621.89:620.17
920 _a83-7204-077-X
942 _cKS
008 s pl f |000 0 pol
999 _c43686
_d43686
856 _uhttp://koha.tu.koszalin.pl/cgi-bin/koha/opac-detail.pl?biblionumber=43686
_yKatalog online BPK